书目信息 |
| 题名: |
徐祖耀文选
|
|
| 作者: | ;上海交通大学材料科学与工程学院 编 | |
| 分册: | ||
| 出版信息: | 北京 科学出版社 2001 |
|
| 页数: | 659页 | |
| 开本: | 20cm | |
| 丛书名: | ||
| 单 册: | ||
| 中图分类: | TB3-53 | |
| 科图分类: | ||
| 主题词: | 工程材料 | |
| 电子资源: | ||
| ISBN: | 7-03-009156-6 | |
| 000 | 00658nam0 2200181 450 | |
| 001 | 0735592734 | |
| 005 | 20070906095312.73 | |
| 010 | @a7-03-009156-6@b精装@d¥85.00 | |
| 100 | @a20070906d km y0chiy0120 ea | |
| 101 | 0 | @achi |
| 200 | 1 | @a徐祖耀文选@Axu zu yao wen xuan@f上海交通大学材料科学与工程学院编@Fshang hai jiao tong da xue cai liao ke xue yu gong cheng xue yuan bian |
| 210 | @a北京@c科学出版社@d2001 | |
| 215 | @a659页@d20cm | |
| 606 | 0 | @a工程材料 |
| 690 | @aTB3-53@v3 | |
| 711 | 02 | @a上海交通大学材料科学与工程学院@Ashang hai jiao tong da xue cai liao ke xue yu gong cheng xue yuan@4编 |
| 801 | 0 | @aCN@bPFT@c20070906 |
| 905 | @a213230@dTB3-53@eP2@f1 | |
| 徐祖耀文选/上海交通大学材料科学与工程学院编.-北京:科学出版社,2001 |
| 659页;20cm |
| ISBN 7-03-009156-6(精装):¥85.00 |
| ● |
| 相关链接 |
|
|
|
|
正题名:徐祖耀文选
索取号:TB3-53/P2
 
预约/预借
| 序号 | 登录号 | 条形码 | 馆藏地/架位号 | 状态 | 备注 |
| 1 | 7200814 | 272008141 | 密集书库-物理学院/ [索取号:TB3-53/P2] | 在馆 |